00303nam a2200097Ia 4500008004100000245007400041245002100115260000900136650001200145856004800157171211s9999 xx 000 0 und d 4aThe Public Prints: The Newspaper in Anglo-American Culture, 1665-1740 cCharles E. Clark c1994 xHistory uhttp://down.ebook777.com/063/0195082338.pdf